Artc̕ulos jurd̕icos de Juan Pablo Pampillo

Bibliographic Details
Format: eBook
Language:Spanish
Published: Barcelona : Editorial vLex, 2014 -
Subjects:
Online Access:Acceso restringido

MARC

LEADER 00000nam a22000007a 4500
005 20140430172548.0
007 cr|||| ||||
008 140430c20149999sp |||| s|||| 0|||b1spa d
035 |a 11953 
040 |a vLex 
090 |c 4863  |d 4863 
245 0 0 |a Artc̕ulos jurd̕icos de Juan Pablo Pampillo  |h [Recurso electrn̤ico]  
256 |a Servicio en ln̕ea 
260 |a Barcelona :  |b Editorial vLex,  |c 2014 - 
300 |a 1 recurso electrn̤ico 
310 |a Anual 
506 1 |a Contenido solo disponible en los productos indicados  |d vLex Global  |d vLex Global (Academic Edition, excluding Law Schools)  |d vLex Global (U.S. Academic Edition, Law Schools)  |d vLex Global (U.S. Academic Edition, excluding Law Schools)  |d vLex Global (Academic Edition, Law Schools) 
650 0 4 |a Jurisprudencia  |v Revistas  |z Espaą 
740 0 |a vLex Revistas (Servicio en ln̕ea) 
856 4 0 |u http://vlex.com/source/articulos-juridicos-juan-pablo-pampillo-11953  |z Acceso restringido 
942 |c REV